01942naa a2200241 a 450000100080000000500110000800800410001910000150006024501110007526000090018652012330019565300280142865300190145665300210147565300150149670000160151170000140152770000230154170000250156470000190158970000200160877300720162810877702012-12-06 2012 bl uuuu u00u1 u #d1 aTOSCAN, G. aDetec????o de ??cidos nucleicos em tecidos de gerbils submetidos ?? infec????o aguda por Neospora caninum. c2012 aNeospora caninum ?? um protozo??rio de grande import??ncia na pecu??ria, por determinar problemas reprodutivos principalmente em bovinos. Os gerbils (Meriones unguiculatus) podem atuar como modelos experimentais para reproduzir a neosporose aguda de bovinos. Neste trabalho, foram formados dois grupos de gerbils (n=10), inoculados com taquizo??tos de N. caninum (cepa NC-1) nas doses de 5x106 taquizo??tos ml-1 (G1) ou de 5x105 taquizo??tos ml-?? (G2), doses capazes de induzir infec????o aguda. C??rebro, medula espinhal, cora????o, pulm??o, f??gado, rins e ba??o foram coletados e a t??cnica de PCR foi realizada a partir das amostras de tecidos e ??rg??os. Na maioria dos animais, o DNA do N. caninum foi detectado pelo menos em cinco tecidos, considerando ambos os grupos (12/20; 60%). No grupo 1, a frequ??ncia de detec????o de DNA, na totalidade das amostras, foi maior (52/70; 74,28%) quando comparada ao grupo 2 (38/70; 54,28%). A partir desses resultados, pode-se afirmar que o protozo??rio replicou eficientemente ap??s inocula????o e se disseminou pelos tecidos. Al??m disso, demonstrou-se que gerbils podem ser utilizados como modelo de infec????o aguda pelo N. caninum, apresentando sinais cl??nicos da neosporose. adistribui????o tecidual aDoen??a animal ainfec????o aguda aN. caninum1 aCAMILLO, G.1 aWEGER, A.1 aOLIVEIRA, C. S. de1 aGON??ALVES, P. B. D.1 aSANGIONI, L.A.1 aVOGEL, F. S. F. tCi??ncia Rural, Santa Mariagv. 42, n. 10, p. 1865-1871, out. 2012.